000 00501nam a2200157 i 4500
001 47160
003 ES-MaACL
005 20230906161519.0
007 t|
008 030404s1963 sp ||||1| spa d
245 0 0 _aConstrucciones para las explotaciones porcinas /
_ctraducido por Elías Fernández González.
260 _aZaragoza :
_bAcribia,
_c[1963]
300 _aXVI, 111 p., 4 lám. :
_bil. ;
_c20 cm.
700 1 _aFernández González, Elías.
_949825
852 _aES-MaACL
_jC-24552
_bR.52325
999 _c47160
_d47160